000 01042nmm a2200301 a 4500
001 ocm0002015759
003 TR-IsHL
005 20201028180651.0
008 181219s2018 tu tur
007 cr cn
020 _a9786052971550
035 _a2015759
_b(N$T)
050 0 4 _aPZ31
_b.H6319 2018
090 0 4 _aPZ31
_b.H6319 2018
100 1 _aHossfeld, Dagmar
245 1 0 _aKızlar çetesi: sıkı dostlar
_h[electronic resource] /
_cDagmar Hossfeld ; çevirmen Merve Nur Türkoğlu ; editör Begüm Konya
260 _aİstanbul :
_bYakamoz Kitap,
_c2018
300 _a304 p.
500 _aeserin orijinal adı: Carlotta : Film ab im Internat!
650 4 _aDil ve Edebiyat
650 4 _aLanguage and Literature
650 0 _aAlman çocuk hikayeleri
650 0 _aGerman children stories
650 7 _aJUVENILE FICTION / Girls & Women
_2bisacsh
700 1 _aTürkoğlu, Merve Nur
700 1 _aKonya, Begüm
856 4 0 _uhttp://search.ebscohost.com/login.aspx?direct=true&scope=site&db=e011xww&AN=2015759
999 _c19248
_d19248